000 00727cam a2200241 4500500
005 20260111080510.0
041 _afre
042 _adc
100 1 0 _aHenry, Sylvain
_eauthor
700 1 0 _aIcard, Mathilde
_eauthor
245 0 0 _aRémunération du management public supérieur
260 _c2023.
500 _a98
690 _aattractivité
690 _acorps unique
690 _amérite
690 _amobilités
690 _aresponsabilité
690 _atalents
690 _atransparence
786 0 _nGestion & Finances Publiques | 2 | 2 | 2023-04-28 | p. 75-83 | 1969-1009
856 4 1 _uhttps://droit.cairn.info/revue-gestion-et-finances-publiques-2023-2-page-75?lang=fr&redirect-ssocas=7080
999 _c1616388
_d1616388